<?xml version="1.0" encoding="UTF-8"?>
<record
    xmlns:xsi="http://www.w3.org/2001/XMLSchema-instance"
    xsi:schemaLocation="http://www.loc.gov/MARC21/slim http://www.loc.gov/standards/marcxml/schema/MARC21slim.xsd"
    xmlns="http://www.loc.gov/MARC21/slim">

  <leader>00723na  a2200205   4500</leader>
  <controlfield tag="001">13982</controlfield>
  <controlfield tag="003">MIRAKIL</controlfield>
  <controlfield tag="005">20181213154756.0</controlfield>
  <controlfield tag="008">160908b        tu            000 0      </controlfield>
  <datafield tag="035" ind1=" " ind2=" ">
    <subfield code="a">13982</subfield>
  </datafield>
  <datafield tag="040" ind1=" " ind2=" ">
    <subfield code="a">Milas</subfield>
    <subfield code="b">tur</subfield>
    <subfield code="c">TR-AnCHP</subfield>
  </datafield>
  <datafield tag="082" ind1=" " ind2=" ">
    <subfield code="a">923.1561 &#x130;n&#xF6;n&#xFC;,&#x130;.</subfield>
    <subfield code="b">M54m 1941</subfield>
  </datafield>
  <datafield tag="090" ind1=" " ind2=" ">
    <subfield code="a">923.1561 &#x130;n&#xF6;n&#xFC;,&#x130;. M54m 1941</subfield>
  </datafield>
  <datafield tag="245" ind1=" " ind2=" ">
    <subfield code="a">Milli &#x15F;ef ve c&#xFC;mhurreisimizin Ankara Dil ve Tarih-Co&#x11F;rafya Fak&#xFC;ltesini ziyaretleri ve fak&#xFC;ltenin yeni binas&#x131;nda tedrisata ba&#x15F;lamas&#x131;</subfield>
  </datafield>
  <datafield tag="260" ind1=" " ind2=" ">
    <subfield code="a">&#x130;stanbul</subfield>
    <subfield code="b">[yayl. y.]</subfield>
    <subfield code="c">1941</subfield>
  </datafield>
  <datafield tag="300" ind1=" " ind2=" ">
    <subfield code="a">90 s.</subfield>
    <subfield code="b">fotg.</subfield>
    <subfield code="c">21 sm.</subfield>
  </datafield>
  <datafield tag="600" ind1=" " ind2=" ">
    <subfield code="a">&#x130;n&#xF6;n&#xFC;, &#x130;smet</subfield>
    <subfield code="d">1884-1973</subfield>
    <subfield code="x">T&#xF6;renler</subfield>
  </datafield>
  <datafield tag="610" ind1=" " ind2=" ">
    <subfield code="a">Ankara &#xDC;niversitesi</subfield>
    <subfield code="b">Dil ve Tarih-Co&#x11F;rafya Fak&#xFC;ltesi</subfield>
    <subfield code="x">Tarih</subfield>
  </datafield>
  <datafield tag="942" ind1=" " ind2=" ">
    <subfield code="2">ddc</subfield>
    <subfield code="c">BKS</subfield>
  </datafield>
  <datafield tag="952" ind1=" " ind2=" ">
    <subfield code="a">0001</subfield>
    <subfield code="b">0001</subfield>
    <subfield code="d">2016-08-23</subfield>
    <subfield code="e">2</subfield>
    <subfield code="l">0</subfield>
    <subfield code="o">923.1561 &#x130;n&#xF6;n&#xFC;,&#x130;. M54m 1941</subfield>
    <subfield code="p">001815</subfield>
    <subfield code="r">2016-08-23 00:00:00</subfield>
    <subfield code="v">0.00</subfield>
    <subfield code="w">2016-08-23</subfield>
    <subfield code="y">BKS</subfield>
  </datafield>
  <datafield tag="999" ind1=" " ind2=" ">
    <subfield code="c">642</subfield>
    <subfield code="d">642</subfield>
  </datafield>
</record>
